01271nam a2200253 a 450000100100000000500170001000800410002704000250006808200170009311000470011024501820015726000830033930000440042250000430046670000270050970000250053670000260056170000290058704900090061695201210062595201270074695201270087399900170100000002391720200930022552.0110117s1972 mx abc r 000 0 spa d aDO-SdBNPbspacBNPHU axxxxxbC397s1 aCentro Regional de Ayuda Técnica.94916413aEl sistema de distribución y comercialización de fertilizantes en Perú :banálisis y recomendaciones /cRay B. Diamond , John E. Culp , Jon L. Nevins , Charles H. Davis. aMéxico, D. F. ; :bAgencia para el Desarrollo Internacional (A.I.D.),c1972. a134 p. :bil., mapas., retrs. ;c28 cm. aIncluye notas al pie de las páginas.1 aDiamond, Ray B.9492111 aCulp, John E.9492121 aNevins, Jon L.9492131 aDavis, Charles H.949214 aBNGR 001054708MOaGRbGRcCTd2011-01-17iLF1l0oxxxxx C397sp23917-10r2020-06-25w2020-06-25y4ZPréstamo en sala 001054728MOaGRbGRcCTd2011-01-17iLF1l0oxxxxx C397sp23917-20r2020-06-25te. 2w2020-06-25y4ZPréstamo en sala 001054708MOaGRbGRcCTd2011-01-17iLF1l0oxxxxx C397sp23917-30r2020-06-25te. 3w2020-06-25y4ZPréstamo en sala c23413d23413